UBT Library

Successful presentations for dummies / (Record no. 43044)

000 -LEADER
fixed length control field 00740cam a2200241 a 4500
001 - CONTROL NUMBER
control field 1619263
005 - DATE AND TIME OF LATEST TRANSACTION
control field 20180221071309.0
008 - FIXED-LENGTH DATA ELEMENTS--GENERAL INFORMATION
fixed length control field 960105s1996 caua 001 0 eng d
010 ## - LIBRARY OF CONGRESS CONTROL NUMBER
LC control number 95081964
020 ## - INTERNATIONAL STANDARD BOOK NUMBER
International Standard Book Number 1568843925
035 ## - SYSTEM CONTROL NUMBER
System control number (OCoLC)34265535
040 ## - CATALOGING SOURCE
Original cataloging agency InJe
Transcribing agency InJe
Modifying agency NBuBE
-- DLC
041 ## - LANGUAGE CODE
Language code of text/sound track or separate title eng
042 ## - AUTHENTICATION CODE
Authentication code lccopycat
080 ## - UNIVERSAL DECIMAL CLASSIFICATION NUMBER
Universal Decimal Classification number 808.51 MAL
082 00 - DEWEY DECIMAL CLASSIFICATION NUMBER
Classification number 808.51 MAL
Edition number 20
100 1# - Rafti
Rafti 49
101 ## - Shkurtesa
Shkurtesa EDU
245 10 - TITLE STATEMENT
Title Successful presentations for dummies /
Statement of responsibility, etc by Malcolm Kushner ; foreword by Norman R. Augustine.
906 ## - LOCAL DATA ELEMENT F, LDF (RLIN)
a 7
b cbc
c copycat
d 2
e opcn
f 19
g y-gencatlg
942 ## - ADDED ENTRY ELEMENTS (KOHA)
Source of classification or shelving scheme
Item type Books

No items available.

UBT Library © 2015-2024. All rights reserved University Education for Business and Technology